[Event "AUTO-OPEN-2016"]
[Site "http://www.queenalice.com/game.php?id=793124"]
[Date "2010.6.21"]
[Round "1"]
[White "casualplay"]
[Black "Hagi"]
[Result "1-0"]
[WhiteElo "1500"]
[BlackElo "1676"]

1. e4 e5 2. Nf3 Nc6 3. Nc3 g6 4. Bc4 Qe7 5. d3 Nf6 6. Bg5 Bg7 7. O-O O-O 8. Qd2
d6 9. Nd5 Qd8 10. Nh4 a6 11. a4 Be6 12. Nxf6+ Bxf6 13. Bxf6 Qxf6 14. Qh6 Bxc4
15. dxc4 Nd4 16. c3 Ne2+ 17. Kh1 Nf4 18. g3 Nh5 19. Kg2 Qe6 20. b3 Qg4 21. Rae1
Rad8 22. Re3 d5 23. cxd5 c6 24. c4 cxd5 25. cxd5 Nf6 26. Ree1 Nxe4 27. f3 Qg5
28. Qxg5 Nxg5 29. f4 exf4 30. gxf4 Rxd5 31. fxg5 Rxg5+ 32. Kh1 Kg7 33. Nf3 Rf5
34. Re3 b5 35. Ra1 g5 36. Kg2 g4 37. Nh4 Rf4 38. Kg3 h5 39. Kxf4 1-0

[Event "AUTO-OPEN-2016"]
[Site "http://www.queenalice.com/game.php?id=793148"]
[Date "2010.6.21"]
[Round "1"]
[White "Xyko"]
[Black "casualplay"]
[Result "1-0"]
[WhiteElo "1968"]
[BlackElo "1500"]

1. d4 Nf6 2. Bg5 e6 3. Bxf6 Qxf6 4. Nf3 b6 5. e3 Bb7 6. Be2 d5 7. O-O Nd7 8. Nc3
a6 9. Re1 Bd6 10. a3 O-O 11. Bd3 Qh6 12. Rb1 f5 13. Ne2 Rf6 14. Ng3 g5 15. c4
Kf7 16. cxd5 exd5 17. Nxf5 Rxf5 18. Bxf5 Nf6 19. Rc1 g4 20. Ne5+ Ke7 21. Bxg4
Ne4 22. f3 Ng5 23. Qa4 b5 24. Qa5 Ne6 25. Bxe6 Kxe6 26. Rxc7 Bc8 27. Qb6 Qf8 28.
e4 a5 29. exd5+ Kf5 30. Rf7+ 1-0

[Event "AUTO-OPEN-2016"]
[Site "http://www.queenalice.com/game.php?id=793149"]
[Date "2010.6.21"]
[Round "1"]
[White "casualplay"]
[Black "cheleazul"]
[Result "0-1"]
[WhiteElo "1644"]
[BlackElo "2474"]

1. e4 c5 2. d4 cxd4 3. Qxd4 Nc6 4. Qd1 e6 5. g3 Nf6 6. Bg2 Bc5 7. Nc3 O-O 8. h3
d5 9. exd5 exd5 10. Nxd5 Nxd5 11. Qxd5 Qb6 0-1

[Event "AUTO-OPEN-2016"]
[Site "http://www.queenalice.com/game.php?id=793150"]
[Date "2010.6.21"]
[Round "1"]
[White "cheleazul"]
[Black "casualplay"]
[Result "1-0"]
[WhiteElo "2471"]
[BlackElo "1548"]

1. e4 e5 2. Nf3 d6 3. Nc3 Nf6 4. d4 exd4 5. Nxd4 Bd7 6. Bf4 Nc6 7. Qd2 a6 8. f3
Be7 9. g4 h6 10. O-O-O Be6 11. Nxe6 fxe6 12. Bg3 Nd7 13. f4 g5 14. f5 e5 15. Bf2
Nb6 16. Bxb6 cxb6 17. Nd5 Rc8 18. Qf2 Nd4 19. c3 Rc6 20. Kb1 1-0

[Event "AUTO-OPEN-2028"]
[Site "http://www.queenalice.com/game.php?id=798383"]
[Date "2010.7.4"]
[Round "1"]
[White "CeaRaSC"]
[Black "casualplay"]
[Result "1-0"]
[WhiteElo "1650"]
[BlackElo "1521"]

1. d4 d5 2. Nc3 e6 3. Nf3 Nc6 4. Bf4 a6 5. a4 h6 6. e4 dxe4 7. Nxe4 g5 8. Be5 f6
9. Bg3 f5 10. Nc5 f4 11. Bxf4 1-0

[Event "AUTO-OPEN-2028"]
[Site "http://www.queenalice.com/game.php?id=798384"]
[Date "2010.7.4"]
[Round "1"]
[White "casualplay"]
[Black "CeaRaSC"]
[Result "0-1"]
[WhiteElo "1536"]
[BlackElo "1638"]

1. g3 d5 2. Bg2 c6 3. d4 Bf5 4. Nf3 Be4 5. O-O Nd7 6. Bf4 Ngf6 7. h3 h5 8. Nc3
Bxf3 9. Bxf3 e6 10. e4 dxe4 11. Nxe4 Nxe4 0-1

[Event "AUTO-OPEN-2028"]
[Site "http://www.queenalice.com/game.php?id=798405"]
[Date "2010.7.4"]
[Round "1"]
[White "Krummenauer"]
[Black "casualplay"]
[Result "1-0"]
[WhiteElo "1867"]
[BlackElo "1544"]

1. d4 d5 2. c4 Nf6 3. cxd5 Qxd5 4. Nc3 Qd8 5. e4 e6 6. a3 Be7 7. Nf3 Bd7 8. Be2
c5 9. dxc5 Bxc5 10. O-O a6 11. Bg5 h6 12. Bxf6 Qxf6 13. e5 Qe7 14. Ne4 Bb6 15.
Nd6+ Kf8 16. Nxb7 g6 17. Qd6 Qxd6 18. Nxd6 Kg7 19. b4 1-0

[Event "AUTO-OPEN-2028"]
[Site "http://www.queenalice.com/game.php?id=798406"]
[Date "2010.7.4"]
[Round "1"]
[White "casualplay"]
[Black "Krummenauer"]
[Result "0-1"]
[WhiteElo "1539"]
[BlackElo "1870"]

1. g3 e5 2. Bg2 d5 3. d4 e4 4. f3 exf3 5. Nxf3 Bb4+ 6. Bd2 Bxd2+ 7. Qxd2 Nf6 8.
Nc3 O-O 9. O-O-O c6 10. h3 b5 11. g4 a5 12. e3 b4 13. Na4 Nbd7 14. Ne5 Nxe5 15.
dxe5 Nd7 16. Qd4 Qc7 17. Rhf1 Qxe5 0-1

[Event "AUTO-OPEN-2028"]
[Site "http://www.queenalice.com/game.php?id=798417"]
[Date "2010.7.4"]
[Round "1"]
[White "rsvale"]
[Black "casualplay"]
[Result "1-0"]
[WhiteElo "1605"]
[BlackElo "1439"]

1. d4 d5 2. Bf4 Nc6 3. e3 Bf5 4. Bd3 e6 5. Nf3 Nf6 6. Nbd2 Nb4 7. Ne5 Nd7 8.
Bxf5 exf5 9. c3 Nxe5 10. Bxe5 b6 11. cxb4 Bxb4 12. a3 Be7 13. b4 f6 14. Bg3 g6
15. h4 h5 16. Bf4 Qd7 17. Qe2 Kf7 18. O-O Kg7 19. Rac1 1-0

[Event "AUTO-OPEN-2028"]
[Site "http://www.queenalice.com/game.php?id=798418"]
[Date "2010.7.4"]
[Round "1"]
[White "casualplay"]
[Black "rsvale"]
[Result "0-1"]
[WhiteElo "1430"]
[BlackElo "1614"]

1. g3 d5 2. Bg2 Nf6 3. Nf3 Nc6 4. O-O h5 5. d4 Ne4 6. b3 Bg4 7. Nc3 Nxc3 8. Qe1
Qd7 9. Qxc3 h4 10. Nxh4 O-O-O 11. Nf3 e6 12. Re1 Bb4 13. Qd3 Bxe1 14. Nxe1 e5
15. f3 e4 16. Qe3 exf3 17. exf3 Bh3 0-1

[Event "Let's Play Chess!"]
[Site "http://www.queenalice.com/game.php?id=800037"]
[Date "2010.7.7"]
[Round "-"]
[White "casualplay"]
[Black "spawnwolfwolverine"]
[Result "0-1"]
[WhiteElo "1602"]
[BlackElo "1609"]

1. d4 d5 2. Nc3 e6 3. Nf3 Nf6 4. Bg5 Be7 5. e3 O-O 6. Bd3 Nbd7 7. Ne5 Bb4 8. Qd2
c6 9. a3 Bxc3 10. bxc3 h6 11. Bf4 Nxe5 0-1

[Event "Let's Play Chess!"]
[Site "http://www.queenalice.com/game.php?id=800390"]
[Date "2010.7.8"]
[Round "-"]
[White "Scaracioli"]
[Black "casualplay"]
[Result "1-0"]
[WhiteElo "1577"]
[BlackElo "1574"]

1. e4 e5 2. Nf3 Nc6 3. d4 d5 4. exd5 Qxd5 5. c3 Nf6 6. Rg1 Bg4 7. h3 Bxf3 8.
gxf3 exd4 9. cxd4 Nxd4 10. Be2 O-O-O 11. Nc3 Qf5 12. Bd2 Nc2+ 13. Kf1 Nxa1 14.
Qxa1 Rxd2 15. Ke1 Rd6 16. h4 Re6 17. Rg5 Qh3 18. Kd2 Rd6+ 19. Kc2 Qxh4 20. Rg1
Qxf2 21. Rf1 Qb6 22. Qc1 Re6 23. Re1 Bb4 24. a3 Bc5 25. Kb1 Rhe8 26. b4 Be3 27.
Qc2 Bd4 28. Nd5 1-0

[Event "AUTO-OPEN-2033"]
[Site "http://www.queenalice.com/game.php?id=800579"]
[Date "2010.7.8"]
[Round "1"]
[White "maurice91"]
[Black "casualplay"]
[Result "1-0"]
[WhiteElo "1769"]
[BlackElo "1644"]

1. e4 e5 2. f4 Nc6 3. Nf3 exf4 4. d4 d6 5. Bxf4 Bg4 6. Be2 Qf6 7. Bg5 Qg6 8. Qd3
Bxf3 9. Bxf3 Qxg5 10. c3 g6 11. Na3 a6 12. Nc2 Bg7 13. Ne3 Qd8 14. O-O Nh6 15.
b4 Ne7 16. Rab1 b5 17. a3 c6 18. d5 O-O 19. dxc6 Nxc6 20. Rbc1 Rc8 21. Rfd1 Be5
22. Qb1 f5 23. exf5 Nxf5 24. Bd5+ Kh8 25. Nxf5 gxf5 26. Rf1 1-0

[Event "AUTO-OPEN-2033"]
[Site "http://www.queenalice.com/game.php?id=800580"]
[Date "2010.7.8"]
[Round "1"]
[White "casualplay"]
[Black "maurice91"]
[Result "0-1"]
[WhiteElo "1621"]
[BlackElo "1780"]

1. e4 e5 2. Nf3 Nc6 3. Nc3 a6 4. Bc4 Be7 5. d3 b5 6. Bd5 Bb7 7. Bxc6 Bxc6 8.
Nxe5 Nf6 9. Nxc6 dxc6 10. Bf4 O-O 11. Qf3 c5 12. O-O Rb8 13. Rfe1 Qd7 14. Rad1
Rbd8 15. Rd2 c6 16. Ne2 h6 17. Ng3 Nh7 18. Qe3 Qd4 19. Nf5 Qd7 20. Qg3 Bf6 21.
Nxh6+ Kh8 22. Nf5 Bxb2 23. Rde2 Rg8 24. Re3 Bd4 25. Rf3 Rde8 0-1

[Event "AUTO-OPEN-2033"]
[Site "http://www.queenalice.com/game.php?id=800599"]
[Date "2010.7.8"]
[Round "1"]
[White "casualplay"]
[Black "CrazyPoet"]
[Result "0-1"]
[WhiteElo "1455"]
[BlackElo "1658"]

1. e4 c5 2. Bc4 Nf6 3. d3 e6 4. Nf3 d5 5. Bb5+ Bd7 6. Bxd7+ Nbxd7 7. O-O Be7 8.
Nc3 O-O 9. h3 Qb6 10. exd5 exd5 0-1

[Event "AUTO-OPEN-2033"]
[Site "http://www.queenalice.com/game.php?id=800600"]
[Date "2010.7.8"]
[Round "1"]
[White "CrazyPoet"]
[Black "casualplay"]
[Result "1-0"]
[WhiteElo "1666"]
[BlackElo "1446"]

1. d4 d5 2. c4 Nf6 3. cxd5 Nxd5 4. e4 Nf6 5. Nc3 e6 6. Bc4 a6 7. Nge2 b5 8. e5
Nd5 9. Bxd5 exd5 10. O-O c6 11. Bf4 Be7 12. Qd2 1-0